Guru Nanak: (Record no. 206702)

MARC details
000 -LEADER
fixed length control field 00579nam a2200169 4500
005 - DATE AND TIME OF LATEST TRANSACTION
control field 20241024142130.0
010 ## - LCCN (DPL NO)
LC control number ENG-142381
020 ## - INTERNATIONAL STANDARD BOOK NUMBER
International Standard Book Number 9789351950493
Terms of availability 199.00
035 ## - SYSTEM CONTROL NUMBER
System control number EN-125913
037 ## - SOURCE OF ACQUISITION
Source of stock number/acquisition DBAD
082 ## - DEWEY DECIMAL CLASSIFICATION NUMBER
Classification number 260
245 ## - TITLE STATEMENT
Title Guru Nanak:
Remainder of title What Guru Nanak Did, What Guru Nanak Said The Thinker and The Poet/
Statement of responsibility, etc Edited By Astri Ghosh
260 ## - PUBLICATION, DISTRIBUTION, ETC. (IMPRINT)
Place of publication, distribution, etc Gurugram
Name of publisher, distributor, etc Hachette Books Publishing
Date of publication, distribution, etc 2016
270 ## - ADDRESS
Address 4th and 5th Floor, Corporate Centre, Plot No.-94, Sector 44,
City Gurugram
Postal code 122003
300 ## - PHYSICAL DESCRIPTION
Extent 136p.
Dimensions 18cm(pb)
942 ## - ADDED ENTRY ELEMENTS (KOHA)
Source of classification or shelving scheme Dewey Decimal Classification
Item type English Books
Classification part 230
Call number suffix GUR
Holdings
Withdrawn status Lost status Not for loan Collection code Home library Current library Date acquired Source of acquisition Cost, normal purchase price Full call number Barcode Copy number Cost, replacement price Koha item type
    Not For Loan Non-fiction D.B.Act.Division D.B.Act.Division 24/10/2024 Delivery of Books Act Division 199.00 230 GUR EN-125913 1 199.00 English Books

© Delhi Public Library
Hit Counter
free hit counter